000 01070nam0a22002531 4500
001 rc\967788
005 20260407083235.0
035 _a(NLR Aleph) 006136952
090 _a5620919
_c5620919
100 _a20041129d1982 |||y0rusy50 ca
101 0 _arus
102 _aRU
105 _aa |||||||||
200 1 _aВопросы повышения эффективности методов и средств навигации и управления воздушным движением
_eМежвуз. темат. сб. науч. тр.
_fАкад. гражд. авиации
_g[Редкол.: П.В. Олянюк (отв. ред.) и др.]
210 _aЛ.
_cОЛАГА
_d1982
215 _a117 с.
_cил.
_d21
320 _aБиблиогр. в конце ст.
702 1 _aОлянюк
_bП.В.
_gПетр Васильевич
_4340
712 0 2 _aАкадемия гражданской авиации
_cЛенинград
_3RU\NLR\AUTH\8810049
_9292640
801 0 _aRU
_bNLR
_gpsbo
801 1 _aRU
_bELAR
_2rusmarc
852 _aNLR
_j85-5/826
942 _cBOOK
980 _aNB